China Satellite Navigation Conference (CSNC) 2016 Proceedings: Volume I

These Proceedings present selected research papers from CSNC2016, held during 18th-20th May in Changsha, China. The theme of CSNC2016 is Smart Sensing, Smart Perception. These papers discuss the technologies and applications of the Global Navigation Satellite System (GNSS), and the latest progress m...

Full description

Corporate Author: SpringerLink (Online service)
Other Authors: Sun, Jiadong. (Editor, http://id.loc.gov/vocabulary/relators/edt), Liu, Jingnan. (Editor, http://id.loc.gov/vocabulary/relators/edt), Fan, Shiwei. (Editor, http://id.loc.gov/vocabulary/relators/edt), Wang, Feixue. (Editor, http://id.loc.gov/vocabulary/relators/edt)
Language:English
Published: Singapore : Springer Singapore : Imprint: Springer, 2016.
Edition:1st ed. 2016.
Series:Lecture Notes in Electrical Engineering, 388
Subjects:
Online Access:https://doi.org/10.1007/978-981-10-0934-1
LEADER 03393nam a22006135i 4500
001 978-981-10-0934-1
003 DE-He213
005 20210708133106.0
007 cr nn 008mamaa
008 160426s2016 si | s |||| 0|eng d
020 |a 9789811009341  |9 978-981-10-0934-1 
024 7 |a 10.1007/978-981-10-0934-1  |2 doi 
050 4 |a TL787-4050.22 
050 4 |a TC1-1800 
072 7 |a TRP  |2 bicssc 
072 7 |a TEC002000  |2 bisacsh 
072 7 |a TRP  |2 thema 
072 7 |a TTDS  |2 thema 
082 0 4 |a 629.1  |2 23 
245 1 0 |a China Satellite Navigation Conference (CSNC) 2016 Proceedings: Volume I  |h [electronic resource] /  |c edited by Jiadong Sun, Jingnan Liu, Shiwei Fan, Feixue Wang. 
250 |a 1st ed. 2016. 
264 1 |a Singapore :  |b Springer Singapore :  |b Imprint: Springer,  |c 2016. 
300 |a XVIII, 675 p. 401 illus.  |b online resource. 
336 |a text  |b txt  |2 rdacontent 
337 |a computer  |b c  |2 rdamedia 
338 |a online resource  |b cr  |2 rdacarrier 
347 |a text file  |b PDF  |2 rda 
490 1 |a Lecture Notes in Electrical Engineering,  |x 1876-1100 ;  |v 388 
505 0 |a BDS /GNSS Application Technology -- Navigation and Location Based Services -- BDS/GNSS Test and Assessment Technology -- BDS/GNSS User Terminal Technology. 
520 |a These Proceedings present selected research papers from CSNC2016, held during 18th-20th May in Changsha, China. The theme of CSNC2016 is Smart Sensing, Smart Perception. These papers discuss the technologies and applications of the Global Navigation Satellite System (GNSS), and the latest progress made in the China BeiDou System (BDS) especially. They are divided into 12 topics to match the corresponding sessions in CSNC2016, which broadly covered key topics in GNSS. Readers can learn about the BDS and keep abreast of the latest advances in GNSS techniques and applications. . 
650 0 |a Aerospace engineering. 
650 0 |a Astronautics. 
650 0 |a Electrical engineering. 
650 0 |a Geographical information systems. 
650 0 |a Geophysics. 
650 1 4 |a Aerospace Technology and Astronautics.  |0 https://scigraph.springernature.com/ontologies/product-market-codes/T17050 
650 2 4 |a Communications Engineering, Networks.  |0 https://scigraph.springernature.com/ontologies/product-market-codes/T24035 
650 2 4 |a Geographical Information Systems/Cartography.  |0 https://scigraph.springernature.com/ontologies/product-market-codes/J13000 
650 2 4 |a Geophysics/Geodesy.  |0 https://scigraph.springernature.com/ontologies/product-market-codes/G18009 
700 1 |a Sun, Jiadong.  |e editor.  |4 edt  |4 http://id.loc.gov/vocabulary/relators/edt 
700 1 |a Liu, Jingnan.  |e editor.  |4 edt  |4 http://id.loc.gov/vocabulary/relators/edt 
700 1 |a Fan, Shiwei.  |e editor.  |4 edt  |4 http://id.loc.gov/vocabulary/relators/edt 
700 1 |a Wang, Feixue.  |e editor.  |4 edt  |4 http://id.loc.gov/vocabulary/relators/edt 
710 2 |a SpringerLink (Online service) 
773 0 |t Springer Nature eBook 
776 0 8 |i Printed edition:  |z 9789811009334 
776 0 8 |i Printed edition:  |z 9789811009358 
776 0 8 |i Printed edition:  |z 9789811092862 
830 0 |a Lecture Notes in Electrical Engineering,  |x 1876-1100 ;  |v 388 
856 4 0 |u https://doi.org/10.1007/978-981-10-0934-1 
912 |a ZDB-2-ENG 
912 |a ZDB-2-SXE 
950 |a Engineering (SpringerNature-11647) 
950 |a Engineering (R0) (SpringerNature-43712)